000 00337 a2200157 4500
001 186389
020 _a
040 _cMagnum
100 _aDisney, Wlat
240 1 0 _aAlice no país das maravilhas
_lpor
245 1 0 _aAlice no país das maravilhas
300 _a16
362 0 _a1995
697 _aLITERATURA INFANTO
942 _cBK
999 _c186389
_d186389